<?xml version="1.0" encoding="UTF-8"?>
<collection xmlns="http://www.loc.gov/MARC21/slim">
 <record>
  <leader>01206cam a2200241 a 4500</leader>
  <controlfield tag="001">MAT.inmabb003278</controlfield>
  <controlfield tag="008">950327s1995####caua#####b####001#0#eng##</controlfield>
  <controlfield tag="005">20130313153607.0</controlfield>
  <datafield tag="245" ind1="1" ind2="0">
   <subfield code="a">Game theory /</subfield>
   <subfield code="c">Guillermo Owen.</subfield>
  </datafield>
  <datafield tag="250" ind1=" " ind2=" ">
   <subfield code="a">3rd ed.</subfield>
  </datafield>
  <datafield tag="260" ind1=" " ind2=" ">
   <subfield code="a">San Diego :</subfield>
   <subfield code="b">Academic Press,</subfield>
   <subfield code="c">c1995.</subfield>
  </datafield>
  <datafield tag="300" ind1=" " ind2=" ">
   <subfield code="a">xii, 447 p. :</subfield>
   <subfield code="b">il. ;</subfield>
   <subfield code="c">24 cm.</subfield>
  </datafield>
  <datafield tag="504" ind1=" " ind2=" ">
   <subfield code="a">Incluye referencias bibliográficas (p. 435-442) e índice.</subfield>
  </datafield>
  <datafield tag="505" ind1="8" ind2=" ">
   <subfield code="a">1. Definition of a game -- 2. Two-person zero-sum games -- 3. Linear programming -- 4. Infinite games -- 5. Multistage games -- 6. Games with incomplete information -- 7. Utility theory -- 8. Two-person general-sum games -- 9. Two-person cooperative games -- 10. $n$-person games -- 11. Stable sets -- 12. Indices of power -- 13. The bargaining set and related concepts -- 14. Nonatomic games -- 15. Games without side payments -- 16. Spatial games.</subfield>
  </datafield>
  <datafield tag="510" ind1="4" ind2=" ">
   <subfield code="a">MR,</subfield>
   <subfield code="c">96i:90003</subfield>
  </datafield>
  <datafield tag="020" ind1=" " ind2=" ">
   <subfield code="a">0125311516</subfield>
  </datafield>
  <datafield tag="100" ind1="1" ind2=" ">
   <subfield code="a">Owen, Guillermo.</subfield>
  </datafield>
  <datafield tag="650" ind1=" " ind2="0">
   <subfield code="a">Game theory.</subfield>
  </datafield>
  <datafield tag="084" ind1=" " ind2=" ">
   <subfield code="a">91-01</subfield>
   <subfield code="2">msc2000</subfield>
  </datafield>
  <datafield tag="010" ind1=" " ind2=" ">
   <subfield code="a">   95012397 </subfield>
  </datafield>
  <datafield tag="040" ind1=" " ind2=" ">
   <subfield code="a">DLC</subfield>
   <subfield code="c">DLC</subfield>
   <subfield code="d">DLC</subfield>
  </datafield>
  <datafield tag="856" ind1="4" ind2="2">
   <subfield code="3">Publisher description</subfield>
   <subfield code="u">http://www.loc.gov/catdir/description/els032/95012397.html</subfield>
  </datafield>
  <datafield tag="859" ind1=" " ind2=" ">
   <subfield code="h">91</subfield>
   <subfield code="i">Ow97</subfield>
   <subfield code="p">A-7658</subfield>
   <subfield code="b">BIB. MATEMATICA</subfield>
  </datafield>
 </record>
</collection>
